00000000nam 2200000zi 4500
0019.938449
003CaOODSP
00520250108152520
006m     o  d f      
007cr |||||||||||
008240521e202406  onca    ob   f000 0 fre d
020 |a9780660484150
040 |aCaOODSP|bfre|erda|cCaOODSP
043 |an-cn---
0861 |aHP60-13/1-2024F-PDF
24503|aLe plan scientifique du Laboratoire national de microbiologie, 2024-2027.
264 1|aOttawa (Ontario) : |bAgence de la santé publique du Canada = Public Health Agency of Canada, |cjuin 2024.
264 4|c©2024
300 |a1 ressource en ligne (21 pages) : |billustrations
336 |atexte|btxt|2rdacontent/fre
337 |ainformatique|bc|2rdamedia/fre
338 |aressource en ligne|bcr|2rdacarrier/fre
500 |aPublié aussi en anglais sous le titre : The National Microbiology Laboratory science plan, 2024-2027.
500 |a« Pub. : 240214. »
504 |aComprend des références bibliographiques.
61026|aLaboratoire national de microbiologie (Canada)|xPlanification.
650 6|aMicrobiologie|xRecherche|zCanada.
7102 |aAgence de santé publique du Canada, |eorganisme de publication.
77508|tThe National Microbiology Laboratory science plan, 2024-2027. |w(CaOODSP)9.938448
85640|qPDF|s708 Ko|uhttps://publications.gc.ca/collections/collection_2025/aspc-phac/HP60-13-1-2024-fra.pdf